|
|
|
|
| LEADER |
00000naa a2200000uu 4500 |
| 001 |
vtls010926177 |
| 003 |
SK-MaSNL |
| 005 |
20260302130509.0 |
| 008 |
220808|1994 xo |||||||||||||||||slo| |
| 015 |
|
|
|a SNBRA
|
| 035 |
|
|
|a (urnnbn)urn:nbn:sk:snk:ar-a0d3v6
|
| 035 |
|
|
|a (uuid)4f993c25-82ce-4f85-ba62-086d9c5f8319
|
| 035 |
|
|
|a urn:nbn:sk:snk-aatskl
|
| 040 |
|
|
|a SNKBUCL
|b slo
|c SNKBUCL
|e AACR2
|
| 041 |
0 |
|
|a slo
|
| 044 |
|
|
|a xo
|c SK
|
| 245 |
0 |
0 |
|a WAGNER, Jozef (Vagner, Vágner, Wágner)
|b odborný spisovateľ, učiteľ (4. 2. 1770 Trenčín - 26. 9. 1849 Brezno, okr. Banská Bystrica)
|
| 655 |
|
7 |
|a biografické heslá
|2 SNKPH
|9 368942
|
| 773 |
0 |
|
|t Slovenský biografický slovník : (od roku 833 do roku 1990). VI. zväzok, T-Ž
|d Martin : Matica slovenská, 1994
|g S. 334
|z 807090111X viaz
|
| 954 |
|
|
|a odborná, vedecká literatúra pôvodná (slovenská)
|2 lita
|
| 958 |
|
|
|a BX
|
| 958 |
|
|
|a OND
|
| 958 |
|
|
|a chapter
|
| 958 |
|
|
|a article25
|
| 999 |
|
|
|c 1300846
|d 1302776
|